Podvojné účtovníctvo podnikateľských subjektov praktikum

Gespeichert in:
Bibliographische Detailangaben
1. Verfasser: Manová, Eva, 1957-
Körperschaft: Ekonomická univerzita v Bratislave. Podnikovohospodárska fakulta so sídlom v Košiciach
Weitere Verfasser: Polončák, Milan, Zoričáková, Viera, 1960-
Format: Buch
Sprache:Slowakisch
Veröffentlicht: Bratislava Vydavateľstvo EKONÓM 2013
Ausgabe:1. vyd.
Schlagworte:
Tags: Tag hinzufügen
Keine Tags, Fügen Sie das erste Tag hinzu!

MARC

LEADER 00000nam a2200000 4500
001 0182555
005 20240502073125.8
020 |a 978-80-225-3813-8 
041 0 |a slo 
044 |a SK 
245 1 0 |a Podvojné účtovníctvo podnikateľských subjektov  |b praktikum  |c Eva Manová ; recenzenti: Milan Polončák, Viera Zoričáková 
250 |a 1. vyd. 
264 1 |a Bratislava  |b Vydavateľstvo EKONÓM  |c 2013 
300 |a 104 s. [3,84 AH] 
610 2 0 |a účtovníctvo podvojné 
610 2 0 |a podnikatelia 
610 2 0 |a triedy účtové 
610 2 0 |a účty 
610 2 0 |a prípady účtovné 
610 2 0 |a závierka účtovná 
100 1 |a Manová, Eva, 1957- 
700 1 |a Polončák, Milan 
700 1 |a Zoričáková, Viera, 1960- 
710 2 |a Ekonomická univerzita v Bratislave. Podnikovohospodárska fakulta so sídlom v Košiciach